000 00644nam a2200205 i 4500
001 181105
003 ES-MaACL
005 20250902021007.0
008 121017s1997 sp | |||| ||spa d
020 _a84-89789-01-0
080 _a658.8(038)
100 1 _aAguilera Rodríguez, Juan Carlos
_9151654
245 1 0 _aDiccionario de Marketing /
_cJuan Carlos Aguilera Rodríguez.
260 _aMadrid :
_bELA,
_cD.L. 1997.
300 _a324 p. ;
_c24 cm.
650 0 4 _aMarketing-
_vDiccionarios
_914797
852 _aES-MaACL
_jA-12313
_9187988
_bR.148427
_cDEPO1
_dOlim: N-5318
942 _2udc
_cMONOGRAFIA
999 _c181105
_d181105